|
|
|
|
| LEADER |
00000nab a2200000 a 4500 |
| 001 |
vtls010731450 |
| 003 |
SK-MaSNL |
| 005 |
20260304191940.0 |
| 008 |
250709s2011 xo |||||||||||||||||slo| |
| 035 |
|
|
|a (urnnbn)urn:nbn:sk:snk:ar-a05azb
|
| 035 |
|
|
|a (uuid)d50bbe79-49ee-43ed-a088-b72668c94dde
|
| 035 |
|
|
|a urn:nbn:sk:snk-ab3tzs
|
| 040 |
|
|
|a SNKBUCL
|b slo
|c SNKBUCL
|e AACR2
|
| 041 |
0 |
|
|a slo
|
| 044 |
|
|
|a xo
|c SK
|
| 100 |
1 |
|
|a Orgonáš, Jozef
|4 aut
|9 197663
|
| 245 |
1 |
0 |
|a 12 x multimediálny prehrávač do obývačky :
|b Prehrajte čokoľvek a odkiaľkoľvek
|c Jozef Orgonáš
|
| 773 |
0 |
|
|t PC revue : sprievodca digitálnym svetom
|g Roč. 19, č. 5 (2011), s. 54-59
|
| 850 |
|
|
|a Slovenská národná knižnica
|
| 852 |
|
|
|a Slovenská národná knižnica
|
| 954 |
|
|
|a odborná, vedecká literatúra pôvodná (slovenská)
|2 lita
|
| 958 |
|
|
|a article1
|
| 958 |
|
|
|a OND
|
| 958 |
|
|
|a EUIPO
|
| 999 |
|
|
|c 3057613
|d 3059543
|